000 01350nam a22002537a 4500
003 Uzh_bibl
008 260324b |||||||| |||| 00| 0 ukr d
020 _a966-312-223-4
_c4,00
040 _bукр.
041 _2ukr
_aukr
080 _a34
090 _a34
_bМ-64
100 _aМірошниченко Юрій
245 _aОрганізаційно-правові засади підготовки та прийняття державно-політичних рішень
_hТекст
260 _aХарків
_bВидавничий будинок "Фактор"
_c2004
300 _a224 с.
520 _aМонографія присвячена проблемі вдосконалення організаційно-правового механізму підготовки та прийняття державно-політичих рішень. В роботі досліджується їх природа, та особливості, аналізується світовий досвід.
521 _aДля широкого кола читачів
546 _aукр.
650 _aНавчальне видання
653 _aМеханізм прийняття державно-політичних рішень
655 _aНавчальна література
_vПосібник
942 _2udc
_cBK
999 _c17170
_d17170